[Event "Sant Andreu Tram-C"]
[Site "Barcelona"]
[Date "2019.10.26"]
[Round "6.2"]
[White "Roig Martinez, Salvador"]
[Black "Torres Teruel, Joan"]
[Result "1/2-1/2"]
[WhiteElo "1541"]
[BlackElo "1521"]
[PlyCount "150"]
[EventDate "2019.09.14"]
[EventType "tourn"]
[EventRounds "9"]
[EventCountry "ESP"]
[SourceTitle "EXT 2024"]
[Source "ChessBase"]
[SourceDate "2023.10.10"]
[SourceVersion "1"]
[SourceVersionDate "2023.10.10"]
[SourceQuality "1"]

1. d4 e6 2. c4 Nf6 3. Nc3 d5 4. Bg5 Be7 5. e3 Nbd7 6. Bd3 c5 7. Bxf6 Nxf6 8. cxd5 cxd4 9. exd4 Nxd5 10. Nf3 Qb6 11. Bb5+ Bd7 12. Bxd7+ Kxd7 13. Qa4+ Kd8 14. Ne5 Nf6 15. Nxf7+ Kc7 16. Nb5+ Kb8 17. Nxh8 a6 18. 0-0 axb5 19. Qb3 Ka7 20. Nf7 Nd5 21. Ne5 Qxd4 22. Nf3 Qg4 23. Ne5 Qf5 24. Nf3 Nf4 25. Nd4 Qg5 26. Qg3 Qe5 27. Qe3 Qxe3 28. fxe3 Nd5 29. Nxe6 Nxe3 30. Rf7 Bf6 31. Nc5 Kb6 32. Nd7+ Kc6 33. Nxf6 gxf6 34. Rxf6+ Kd5 35. Rf7 Rg8 36. g3 h6 37. Rxb7 Kc4 38. Rc1+ Kb4 39. Re7 Nf5 40. Re4+ Ka5 41. Rf1 Nd6 42. Rf6 Nxe4 43. Rxh6 Nxg3 44. hxg3 Rxg3+ 45. Kf2 Rd3 46. Ke2 Rd5 47. Rf6 Re5+ 48. Kd2 Rd5+ 49. Kc3 Rc5+ 50. Kb3 Rg5 51. Rf3 Rg4 52. a3 Ra4 53. Re3 Rc4 54. Rc3 Rf4 55. Rc2 Rf3+ 56. Rc3 Rf4 57. Rd3 Rc4 58. Ka2 Rc2 59. Rc3 Rxc3 60. bxc3 Ka4 61. Kb2 Ka5 62. Kb3 Ka6 63. Kb4 Kb6 64. a4 bxa4 65. Kxa4 Kc5 66. Kb3 Kb5 67. c4+ Kc5 68. Kc3 Kc6 69. Kd4 Kd6 70. c5+ Kc6 71. Kc4 Kc7 72. Kd5 Kd7 73. c6+ Kc7 74. Kc5 Kc8 75. Kd6 Kd8 1/2-1/2

[Event "Badalona Castella op-B 45th"]
[Site "Badalona"]
[Date "2019.08.02"]
[Round "1.5"]
[White "Roig Martinez, Salvador"]
[Black "Moncada Correa, Sara"]
[Result "0-1"]
[WhiteElo "1563"]
[BlackElo "1909"]
[PlyCount "134"]
[EventDate "2019.08.02"]
[EventType "swiss"]
[EventRounds "9"]
[EventCountry "ESP"]
[SourceTitle "EXT 2024"]
[Source "ChessBase"]
[SourceDate "2023.10.10"]
[SourceVersion "1"]
[SourceVersionDate "2023.10.10"]
[SourceQuality "1"]

1. d4 d5 2. c4 c6 3. Nf3 Nf6 4. Nc3 dxc4 5. e4 b5 6. a4 b4 7. e5 Nd5 8. Ne4 c3 9. bxc3 Nxc3 10. Nxc3 bxc3 11. Bd3 e6 12. 0-0 Ba6 13. Ba3 c5 14. Bb5+ Bxb5 15. axb5 Qb6 16. Qd3 Nd7 17. Rfd1 cxd4 18. Bxf8 Nxf8 19. Nxd4 Ng6 20. Nc6 0-0 21. Qxc3 Qxb5 22. Rdb1 Qd5 23. Rd1 Qe4 24. Re1 Qg4 25. h3 Qg5 26. Nxa7 Qe7 27. Nb5 Rxa1 28. Qxa1 Qc5 29. Nd6 Nf4 30. Qd1 Qc6 31. Re4 Ng6 32. Re3 Nxe5 33. Rxe5 Rd8 34. Qb1 Qxd6 35. Re1 h6 36. Qe4 Qd5 37. Qe5 Qxe5 38. Rxe5 Rd2 39. g3 Kf8 40. Kg2 Ke7 41. Kf3 Kf6 42. Re4 Rd3+ 43. Ke2 Rd5 44. Kf3 e5 45. Ke3 Ra5 46. Rb4 Kf5 47. Ke2 Ra2+ 48. Ke3 f6 49. Rc4 Ra1 50. Rb4 Re1+ 51. Kd2 Rh1 52. h4 h5 53. Ke2 g5 54. Kf3 gxh4 55. gxh4 Rg1 56. Rc4 Rg7 57. Rb4 Rc7 58. Ke3 Rc3+ 59. Kd2 Rh3 60. Ke2 e4 61. Rb5+ Kg4 62. Rb6 f5 63. Rg6+ Kf4 64. Rg1 Rxh4 65. Rg7 Rh1 66. Rg8 Rh2 67. Rg7 e3 0-1

[Event "Foment Martinenc op-B 16th"]
[Site "Barcelona"]
[Date "2014.04.26"]
[Round "1"]
[White "Roig Martinez, Salvador"]
[Black "Vargas Drechsler, Carlos"]
[Result "0-1"]
[WhiteElo "1840"]
[BlackElo "1973"]
[PlyCount "113"]
[EventDate "2014.04.26"]
[EventType "swiss"]
[EventRounds "9"]
[EventCountry "ESP"]
[SourceTitle "EXT 2015"]
[Source "ChessBase"]
[SourceDate "2014.11.20"]
[SourceVersion "1"]
[SourceVersionDate "2014.11.20"]
[SourceQuality "1"]

1. e4 e5 2. Nf3 Nc6 3. Bb5 a6 4. Ba4 Nf6 5. 0-0 Nxe4 6. Re1 Nc5 7. Bxc6 dxc6 8. Nxe5 Be7 9. d3 0-0 10. Nc3 Be6 11. d4 Nd7 12. Bf4 Nf6 13. a3 c5 14. dxc5 Bxc5 15. Ne4 Nxe4 16. Rxe4 Qh4 17. g3 Qh3 18. Qf1 Qf5 19. Re2 g5 20. Bc1 Rae8 21. g4 Qf6 22. c4 Bd4 23. Nd3 Bxc4 24. Rd2 Qf3 25. Qg2 Bd5 26. Qxf3 Bxf3 27. h3 c5 28. Kf1 c4 29. Ne1 Rxe1+ 30. Kxe1 Re8+ 31. Kf1 Bf6 32. Rd6 Be7 33. Rd4 Bc5 34. Rd7 Bc6 35. Rd1 Bb5 36. Kg1 Ba4 37. Rf1 Re2 38. Bxg5 Rxb2 39. Bf6 Rb3 40. Rae1 h6 41. Re4 Rxh3 42. Re3 Rxe3 43. fxe3 Bxe3+ 44. Kg2 Bc6+ 45. Kg3 Bc5 46. Bb2 b5 47. Rf6 Be4 48. Rxh6 f6 49. Rxf6 a5 50. Re6 Bd5 51. Ra6 a4 52. Rh6 c3 53. Bxc3 Bxa3 54. Rb6 Bc4 55. Kf4 Kf7 56. Ke5 Bc5 57. Rf6+ 0-1

[Event "Foment Martinenc op-B 15th"]
[Site "Barcelona"]
[Date "2013.05.18"]
[Round "5"]
[White "Bermejo Cuadra, Robert"]
[Black "Roig Martinez, Salvador"]
[Result "0-1"]
[WhiteElo "1318"]
[BlackElo "1574"]
[PlyCount "116"]
[EventDate "2013.04.20"]
[EventType "swiss"]
[EventRounds "9"]
[EventCountry "ESP"]
[SourceTitle "CBM 154 Extra"]
[Source "ChessBase"]
[SourceDate "2013.06.25"]
[SourceVersion "2"]
[SourceVersionDate "2013.06.25"]
[SourceQuality "1"]

1. Nf3 Nf6 2. d4 d5 3. e3 Bg4 4. h3 Bh5 5. g4 Bg6 6. g5 Ne4 7. Bd3 e6 8. h4 Bh5 9. Be2 Nd7 10. Ne5 Bxe2 11. Qxe2 Nxe5 12. dxe5 Qd7 13. Nd2 0-0-0 14. Nxe4 dxe4 15. Qd2 Qb5 16. Qe2 Qxe5 17. 0-0 Bd6 18. f3 exf3 19. Rxf3 f6 20. c3 fxg5 21. hxg5 Qxg5+ 22. Qg2 Qxg2+ 23. Kxg2 Be5 24. a4 Rd1 25. Rf1 Rxf1 26. Kxf1 Rd8 27. Ke2 g5 28. Bd2 Kd7 29. Rh1 Rh8 30. e4 h6 31. Rh5 Ke7 32. Be3 a6 33. Bc5+ Kf7 34. Kd3 Kg6 35. Rh1 h5 36. Bd4 Bxd4 37. cxd4 g4 38. e5 Kg5 39. Rf1 Rh7 40. Rf6 Re7 41. Ke4 c6 42. b4 h4 43. b5 axb5 44. axb5 h3 45. Rf8 cxb5 46. Rg8+ Kh4 47. Rh8+ Kg3 48. Rf8 h2 49. Rf1 Kg2 50. Rb1 h1Q 51. Rxh1 Kxh1 52. Kf4 Rd7 53. Kxg4 Rxd4+ 54. Kg5 Re4 55. Kf6 b4 56. Kxe6 b3 57. Kd5 Re1 58. e6 b2 0-1